00524nam a2200181Ia 4500008004100000020001800041082000800059100002200067245004300089250000600132260003800138300001000176500002400186650001800210942000700228952009000235999001700325230524s9999 xx 000 0 und d a9788173718113 bDEB aAloka Debi942236 0aEnvironmental Science and Engineering a1 aKolkatabUniversities Pressc2012 a248p; aQuantity Number: 1 aEnvironmental cBK 00104070aTATCLbTATCLcGENd2023-05-24l0o DEBp53961r2023-05-24w2023-05-24yBK c56587d56587